An introduction to statistical methods, (Record no. 4546)

MARC details
000 -LEADER
fixed length control field 01284nam a22001937a 4500
020 ## - INTERNATIONAL STANDARD BOOK NUMBER
ISBN 8125916547
020 ## - INTERNATIONAL STANDARD BOOK NUMBER
ISBN 9788125916543
050 ## - CALL NUMBER
Classification number HA29
Item number .G91783
100 ## - AUTHOR
Personal name Gupta C B
245 ## - TITLE
Title An introduction to statistical methods,
Statement of responsibility, etc Gupta, C B , Gupta Vijay
250 ## - EDITION
Edition statement [4th ed.]
260 ## - PUBLICATION INFORMATION
Place of publication Agra,
Name of publisher Ram Prasad
Year of publication [1966]
300 ## - DESCRIPTION
Number of Pages xix, 784, pages
Other physical details ill.,tables, graphs
Dimensions 23 cm
500 ## - NOTES
General note <br/>
505 ## - FORMATTED CONTENTS NOTE
Table of Content 1. Introduction <br/>2. The field of statistics<br/>3. statistical inquiries and sample<br/>4. Collection of data- preliminary considerations<br/>5. Collection of data techniques<br/>6. Classification and tabulation<br/>7. Diagrammatic representation<br/>8. Graphic representation<br/>9. Measures of central tendency<br/>10. Measures of dispersion<br/>11. Moments, skewness <br/>12. analysis of time series<br/>13. Index numbers<br/>14. Interpolation<br/>15. Relationship between variables- regression and correlation<br/>16. Probability<br/>17. sampling distributions<br/>18. Estimation and testing of hypothesis<br/>19. Tests on large <br/>20. Test on small samples and goodness of fit<br/>21. Attributes and their association<br/>22. Vital statistics<br/>23. Statistics quality control<br/>24. Statistics for business decisions<br/>25. Linear programming<br/><br/><br/><br/>
650 ## - SUBJECTS
Topical Term Statistics
700 ## - OTHER AUTHORS
Personal name Gupta Vijay
942 ## - ADDED ENTRY ELEMENTS (KOHA)
Koha item type Books
Holdings
Withdrawn status Lost status Collection code Home library Current library Shelving location Date acquired Full call number Accession Number Koha item type
    Reference Methodist University Library Main Methodist University Library Main General Stacks 26/10/2004 HA29 .G91783 15049 Books
    Reference Methodist University Library Main Methodist University Library Main General Stacks 26/10/2004 HA29 .G91783 14842 Books
      Methodist University Library Main Methodist University Library Main General Stacks 26/10/2004 HA29 .G91783 4847 Books
      Methodist University Library Main Methodist University Library Main General Stacks 26/10/2004 HA29 .G91783 14841 Books
Copyright © 2026  MUG Library